| 000 | 00736nam a2200241I 4500 | ||
|---|---|---|---|
| 008 | |||
| 020 | _a8176841722 (pbk.) | ||
| 049 | _aMAIN | ||
| 050 | 0 | _aTS230 GUP | |
| 100 | 1 | _aGupta, R.B. | |
| 245 | 1 | 0 |
_aFoundry engineering: _b a textbook for engineering degree and AMIE (India) section B also useful to all engineering examinations/ _c R. B. Gupta |
| 250 | _a3rd. ed. | ||
| 260 |
_aNew Delhi : _bSatya prakashan, _c2002 |
||
| 300 |
_a592 p. : _bill. ; _c22 cm. |
||
| 500 | _aIncludes bibliographical references. | ||
| 650 | _aFoundry. | ||
| 650 | 0 | _aFounding. | |
| 907 |
_a.b10218828 _b09-11-06 _c06-11-06 |
||
| 003 | |||
| 005 | 20230123134300.0 | ||
| 040 | _cNUST | ||
| 942 | _cBOOKS | ||
| 999 |
_c163200 _d163200 |
||